| 000 | 01427nam a2200229Ia 4500 | ||
|---|---|---|---|
| 001 | 10592 | ||
| 003 | GE_BSU | ||
| 008 | 181216s||||||||xx |||||||||||||| ||und|| | ||
| 040 | _cGE_BSU | ||
| 080 | _a58(075.8)+633.888(075.8)+581.6:615.32(075.8) | ||
| 100 | _aკუჭუხიძე,ჯუმბერ. ჯოხაძე,მალხაზ. | ||
| 245 | _aბოტანიკა:(სამკურნალო მცენარეები) | ||
| 245 | _bსახ–ლო სახელმწ.სამედ.უნ–ტის ფარმაც.ფაკ–ტის და სხვა უმაღლ.სასწავლებლების ფარმაც.პროფ.სტუდენტებისათვის. | ||
| 245 | _cრედ.შოთა ჭანიშვილი. | ||
| 260 | _aთბილისი | ||
| 260 | _c2012. | ||
| 300 | _a375გვ;29სმ. | ||
| 300 | _eსურ; საძიებელი გვ:335–369. ბიბლიოგრ.გვ:334. | ||
| 541 | _h35ლ. | ||
| 653 | _aბოტანიკა:(სამკურნალო მცენარეები):სახ–ლო სახელმწ.სამედ.უნ–ტის ფარმაც.ფაკ–ტის და სხვა უმაღლ.სასწავლებლების ფარმაც.პროფ.სტუდენტებისათვის. | ||
| 942 | _cBK | ||
| 999 |
_c43844 _d43844 |
||